000 00298nam a22001337a 4500
008 181022b xxu||||| |||| 00| 0 eng d
020 _a461102001294
041 _aeng
080 _a159.9
100 _a48
101 _aPSI
245 _aFathers, Husbands and Lovers
_cKatz,S.N
942 _2udc
_cBK
999 _c50425
_d50425